| 000 -LEADER |
| fixed length control field |
01032pam a2200349 i 4500 |
| 001 - CONTROL NUMBER |
| control field |
019009223 |
| 003 - CONTROL NUMBER IDENTIFIER |
| control field |
Uk |
| 005 - DATE AND TIME OF LATEST TRANSACTION |
| control field |
20191224144253.0 |
| 008 - FIXED-LENGTH DATA ELEMENTS--GENERAL INFORMATION |
| fixed length control field |
181026s2018 stka j 000 1 eng c |
| 015 ## - NATIONAL BIBLIOGRAPHY NUMBER |
| National bibliography number |
GBB8E7180 |
| Source |
bnb |
| 016 7# - NATIONAL BIBLIOGRAPHIC AGENCY CONTROL NUMBER |
| Record control number |
019009223 |
| Source |
Uk |
| 020 ## - INTERNATIONAL STANDARD BOOK NUMBER |
| International Standard Book Number |
9781781127070 (pbk.) : |
| 035 ## - SYSTEM CONTROL NUMBER |
| System control number |
(StEdNL)99115770641604341 |
| 040 ## - CATALOGING SOURCE |
| Original cataloging agency |
StDuBDS |
| Language of cataloging |
eng |
| Transcribing agency |
StDuBDS |
| Modifying agency |
StEdNL |
| -- |
Uk |
| Description conventions |
rda |
| 042 ## - AUTHENTICATION CODE |
| Authentication code |
ukscp |
| 082 ## - DEWEY DECIMAL CLASSIFICATION NUMBER |
| Classification number |
FIC BRA |
| 100 1# - MAIN ENTRY--PERSONAL NAME |
| Personal name |
Bradford, Chris, |
| Relator term |
author. |
| 245 10 - TITLE STATEMENT |
| Title |
Virus / |
| Statement of responsibility, etc. |
Chris Bradford ; with illustrations by Anders Frang. |
| 264 #1 - PRODUCTION, PUBLICATION, DISTRIBUTION, MANUFACTURE, AND COPYRIGHT NOTICE |
| Place of production, publication, distribution, manufacture |
Edinburgh : |
| Name of producer, publisher, distributor, manufacturer |
Barrington Stoke, |
| Date of production, publication, distribution, manufacture, or copyright notice |
2018. |
| 300 ## - PHYSICAL DESCRIPTION |
| Extent |
121 pages : |
| Other physical details |
illustrations ; |
| Dimensions |
20 cm. |
| 336 ## - CONTENT TYPE |
| Content type term |
text |
| Source |
rdacontent |
| 337 ## - MEDIA TYPE |
| Media type term |
unmediated |
| Source |
rdamedia |
| 338 ## - CARRIER TYPE |
| Carrier type term |
volume |
| Source |
rdacarrier |
| 440 ## - SERIES STATEMENT/ADDED ENTRY--TITLE |
| Title |
Super readable |
| 490 1# - SERIES STATEMENT |
| Series statement |
Virtual kombat |
| 500 ## - GENERAL NOTE |
| General note |
Formerly CIP. |
| Institution to which field applies |
Uk |
| 655 #0 - INDEX TERM--GENRE/FORM |
| Genre/form data or focus term |
Science fiction. |
| 655 #0 - INDEX TERM--GENRE/FORM |
| Genre/form data or focus term |
Children's stories. |
| 655 #0 - INDEX TERM--GENRE/FORM |
| Genre/form data or focus term |
High interest-low vocabulary books. |
| 700 1# - ADDED ENTRY--PERSONAL NAME |
| Personal name |
Frang, Anders, |
| Relator term |
illustrator. |
| 942 ## - ADDED ENTRY ELEMENTS (KOHA) |
| Source of classification or shelving scheme |
|
| Koha item type |
Books - Fiction |